| 000 | 00541cam a2200205 4500 | ||
|---|---|---|---|
| 008 | 000000n1998 000 0 eng u | ||
| 020 | _aJ10059544 | ||
| 035 | _a(Sirsi) u100533 | ||
| 041 | _aeng | ||
| 050 | _a333.0072 | ||
| 090 | _aRICS 1996/102ABCD | ||
| 110 |
_aRoyal Institution of Chartered Surveyors _94900 |
||
| 245 | _aResearch publications catalogue 1998. | ||
| 260 |
_aLondon _bRICS _c1998 |
||
| 300 | _a19p. ; 30cm. | ||
| 350 | _a0 | ||
| 650 | _aRICS RESEARCH PAPERS | ||
| 690 | _aPROPERTY LAW AND PRACTICE | ||
| 942 | _n0 | ||
| 999 |
_c99714 _d99714 |
||